LEADER 01490nam--2200445---450- 001 990000886890203316 005 20020408163604.0 010 $a3-540-51107-5 035 $a0088689 035 $aUSA010088689 035 $a(ALEPH)000088689USA01 035 $a0088689 100 $a20020118d1989----km-y0itay0103----ba 101 $aeng 102 $aDE 105 $a||||||||001yy 200 1 $a<> reappraisl of the efficiency of financial markets$fedited by Rui M.C. Guimaraes, Brian G. Kingsman, Stephen J. Taylor 210 $aBerlin$cSpringer$dc1989 215 $aXI, 804 p$d24 cm 225 2 $aNATO ASI series$iSeries f: Computer and systems sciences$v54 300 $aAtti di un convegno tenuto a Sesmbra nel 1988 410 $12001$aNATO ASI series$iSeries f: Computer and systems sciences$v54 606 0 $aMercati finanziari$xCongressi$z1988 606 0 $aCambi$xCongressi$z1988 606 0 $aCongressi$ySesimbra$z1988 676 $a332.632 702 1$aGUIMARAES,$bRui M.C. 702 1$aKINGSMAN,$bBrian G. 702 1$aTAYLOR,$bSteophen J. 801 0$aIT$bsalbc$gISBD 912 $a990000886890203316 951 $a332.632 REA$b10765 ING$c332.632 959 $aBK 969 $aTEC 979 $aPATTY$b90$c20020118$lUSA01$h1644 979 $c20020403$lUSA01$h1733 979 $aPATTY$b90$c20020408$lUSA01$h1636 979 $aPATRY$b90$c20040406$lUSA01$h1701 996 $aReappraisl of the efficiency of financial markets$9969558 997 $aUNISA LEADER 01198nam--2200373---450- 001 990003523510203316 005 20110427140300.0 010 $a978-90-420-1534-0 035 $a000352351 035 $aUSA01000352351 035 $a(ALEPH)000352351USA01 035 $a000352351 100 $a20110420d2001----km-y0itay50------ba 101 0 $aeng 102 $aNL 105 $a||||||||001yy 200 1 $aTelling stories$epostcolonial short fiction in english$fedited by Jacqueline Bardolph$gfinalized for publicationm by André Viola with Jean-Pierre Durix 210 $aAmsterdam$aAtlanta$cRodopi$d2001 215 $aXIII, 477 p.$d23 cm 606 0 $aRacconti inglesi$yPaesi ex-coloniali$zSec. 20.$2BNCF 676 $a823.0109 702 1$aBARDOLPH,$bJacqueline 702 1$aVIOLA,$bAndré 702 1$aDURIX,$bJean-Pierre 801 0$aIT$bsalbc$gISBD 912 $a990003523510203316 951 $aVII.3.B. 2154$b5289 L.G.$cVII.3.B.$d00296090 959 $aBK 969 $aUMA 979 $aPASSARO$b90$c20110420$lUSA01$h1206 979 $aPASSARO$b90$c20110420$lUSA01$h1209 979 $aCHIARA$b90$c20110427$lUSA01$h1403 996 $aTelling stories$91113345 997 $aUNISA LEADER 00847nam0-2200289 --450 001 9910738298603321 005 20230907122156.0 010 $a978-88-85745-02-5 100 $a20230907d2018----kmuy0itay5050 ba 101 0 $amul 102 $aIT 105 $aa 001yy 200 1 $a<>culture of the city$fAnnalisa Dameri ... [et al.] 210 $aTorino$cPolitecnico di Torino$d2018 215 $a385 p.$cill.$d22x24 cm 225 1 $a<>‰cultura della città 510 1 $a<>cultura della città 510 1 $a<>cultura de la ciudad 610 0 $aPianificazione urbanistica 702 1$aDameri,$bAnnalisa 801 0$aIT$bUNINA$gREICAT$2UNIMARC 901 $aBK 912 $a9910738298603321 952 $aURB.LE B 3480$b583/2023$fFARBC 959 $aFARBC 996 $aCulture of the city$93529493 997 $aUNINA